01127pam a2200301 a 4500001001000000003000400010005001700014008004100031020002500072020002200097040004000119082002000159245007700179250003200256260005900288300005300347500002500400500002400425504004100449650003400490650003000524653002500554655002400579700003200603942002000635999001700655952015300672015743785OSt20141223130109.0110126t2011 at adk frb 001 0 eng d a9781111532819 (pbk.) a1111532818 (pbk.) aStDuBDSbengcStDuBDSdUkdEG-ScBUE04a658.72222bSOU00aSourcing and supply chain management /cRobert B. Handfield ... [et al.] a5th ed.,binternational ed. a[Canberra] :bSouth-Western Cengage Learning,cc.2011. axxxii, 848 p. :bcharts, forms, tables ;c26 cm. aPrevious ed. : 2009. aIndex : p. 827-848. aIncludes bibliographical references. 0aIndustrial procurement931015 0aBusiness logistics931004 bBUSADMcDecember2014 vreading book9342321 aHandfield, Robert B.937033 2ddck658.72 SOU c18818d18790 00102ddc40708BaccahaMAINbMAINc1STd2014-12-23epurchaseg620.00h21291l1o658.72 SOUp000037238r2025-07-15 00:00:00s2017-02-26v775.00yBB